Roblox Games By Visits (February 2022) - Statistics

General Stats
  • This quiz has been taken 9 times
  • The average score is 4 of 10
Answer Stats
Hint Answer % Correct
27.39 Billion Adopt Me
75%
16 Billion Brookhaven
63%
4.09 Billion Blox Fruits
50%
10.07 Billion Piggy
50%
13.06 Billion Meepcity
38%
7.54 Billion Murder Mystery 2
25%
7.37 Billion Royale High
25%
16.69 Billion Tower Of Hell
25%
5.66 Billion Welcome To Bloxburg
25%
5.64 Billion Jailbreak
13%
No matching quizzes found
Score Distribution
Percent of People with Each Score
Percentile by Number Answered
Your Score History
You have not taken this quiz